000 00658nam a2200229Ia 4500
003 GCL
008 140319s9999 xx 000 0 eng d
040 _aGCL /
_cGCL
082 0 4 _a629.13007
_bC A
100 1 _aLEASOR, WATHEN D
245 1 0 _aAVIATION SCIENCE ACTIVITIES: FOR ELEMANTARY READERS /
_cLEASOR, WATHEN D
700 1 _aCOLEMAN, MARY
700 1 _aGANZALES, RAMON
700 1 _aHARRIES, ELIZABETH
700 1 _aIWAMURA, ROBERT K
260 _a[S.N] :
_bU.S DEPARTMENT OF TRANSPORTATION
300 _a33 P
650 0 4 _aAVIATION
650 0 4 _aAERONAUTICS - UNITED STATES
650 0 4 _aAERONAUTICS - STUDY AND TEACHING
942 _2ddc
_cBK
999 _c15488
_d15488